Effet de l'engrais organique et mine`ral sur la culture de laitue a` la station expe`rimentale de l'universite` royale d'agriculture. (Record no. 1581)
[ view plain ]
| 000 -LEADER | |
|---|---|
| fixed length control field | 00493nam a22001577a 4500 |
| 003 - CONTROL NUMBER IDENTIFIER | |
| control field | OSt |
| 005 - DATE AND TIME OF LATEST TRANSACTION | |
| control field | 20151001133153.0 |
| 008 - FIXED-LENGTH DATA ELEMENTS--GENERAL INFORMATION | |
| fixed length control field | 151001b xxu||||| |||| 00| 0 eng d |
| 040 ## - CATALOGING SOURCE | |
| Transcribing agency | RUA |
| 082 ## - DEWEY DECIMAL CLASSIFICATION NUMBER | |
| Classification number | AGR NGU 2005 B062 Or.1 |
| 100 ## - MAIN ENTRY--PERSONAL NAME | |
| 9 (RLIN) | 1679 |
| Personal name | NGUON, HUONG. |
| 245 ## - TITLE STATEMENT | |
| Title | Effet de l'engrais organique et mine`ral sur la culture de laitue a` la station expe`rimentale de l'universite` royale d'agriculture. |
| 260 ## - PUBLICATION, DISTRIBUTION, ETC. (IMPRINT) | |
| Place of publication, distribution, etc. | phnom phen |
| Name of publisher, distributor, etc. | RUA |
| Date of publication, distribution, etc. | 2005 |
| 300 ## - PHYSICAL DESCRIPTION | |
| Extent | 43p. |
| Other physical details | ill. |
| Dimensions | 29cm. |
| 942 ## - ADDED ENTRY ELEMENTS (KOHA) | |
| Source of classification or shelving scheme | |
| Koha item type | AGR |
| Price effective from | Date last seen | Permanent Location | Not for loan | Date acquired | Source of classification or shelving scheme | Koha item type | Barcode | Lost status | Damaged status | Shelving location | Withdrawn status | Current Location | Full call number |
|---|---|---|---|---|---|---|---|---|---|---|---|---|---|
| 2015-10-01 | 2015-10-01 | Library Block B | 2015-10-01 | AGR | rua003059 | B062 | Library Block B | AGR NGU 2005 B062 Or.1 | |||||
| 2015-10-01 | 2015-10-01 | Library Block B | 2015-10-01 | AGR | rua003131 | B062 | Library Block B | AGR NGU 2005 B062 Or.2 | |||||
| 2015-10-01 | 2015-10-01 | Library Block B | 2015-10-01 | AGR | rua017540 | B062 | Library Block B | AGR NGU 2005 B062 Or.3 | |||||
| 2015-10-01 | 2015-10-01 | Library Block B | 2015-10-01 | AGR | rua017606 | B062 | Library Block B | AGR NGU 2005 B062 Or.4 | |||||
| 2015-10-01 | 2015-10-01 | Library Block B | 2015-10-01 | AGR | rua017534 | B062 | Library Block B | AGR NGU 2005 B062 Or.5 | |||||
| 2015-10-28 | 2015-10-28 | Library Block B | 2015-10-28 | AGR | RUA025433 | Library Block B | AGR NGU 2005 B062 Or.6 |